L'Unesco au seuil des annés 80 : rapport annuel

Korporativní autor: UNESCO
Jazyk: Francouzština
Vydáno: Paris : Unesco, 1978
Fyzický popis: 93 s.
Knihy
Uloženo v:
LEADER 00579nam a22002052a 4500
001 001126637
003 CZ BrMZK
005 20110526100221.0
007 ta
008 101109s1978 fr er|||||||||||fre d
040 |a BOA001  |b cze 
080 9 |a 341.162:001(047.1) 
245 0 0 |a L'Unesco au seuil des annés 80 :  |b rapport annuel 
260 |a Paris :  |b Unesco,  |c 1978 
300 |a 93 s. 
710 2 |a UNESCO  |7 kn20010711459 
910 |a BOA001  |b 2-0839.650 
990 |a BK 
991 |b 201011 
996 7 |b 2619393889  |c 2-0839.650  |l MZK  |r Sklad / do 1 hodiny  |n 0  |w 001155403  |u 000010  |a 1  |e BOA001  |j MZK50  |s A